Non-Competition Reality Shows Quiz Stats

 Plays Quiz not verified by Sporcle

Challenge
Share
Tweet
Embed
Score 0/18 Timer 08:00
0 Plays Today
plot show % Correct
Two families with opposing views switch mothers for 2 weeksWife Swap
87.2%
Drug addicts and alcoholics are confronted and (usually) sent to rehab centersIntervention
80.2%
Following 3 sisters and the rest of their family, which include younger twin sisters and an ex-olympic stepdadKeeping Up With the Kardashians
76.7%
Men and women who cannot throw anything away are given help by a specialist to help them clean their housesHoarders
75.6%
Has-been celebrities who are fighting addictions are helped by Dr. DrewCelebrity Rehab
74.4%
Following Hugh Hefner and his many girlfriends The Girls Next Door
72.1%
Stacy and Clinton take on poorly dressed people and give them $5000 towards a new wardrobe What Not to Wear
69.8%
Featuring the tattoos (and drama) in a tattoo shop run by Kat Von DLA Ink
67.4%
Newly cancelled show following a family with 2 sets of multiplesJon and Kate Plus 8
66.3%
plot show % Correct
A New Jersey bakery, Carlos', makes unusual and amazing cakesCake Boss
66.3%
Two families make over a room in each other's houses with the help of a professional decoratorTrading Spaces
58.1%
An MTV show following 4 of the girls from '16 and Pregnant'Teen Mom
57%
Chronicles the lives of the Duggars, a extra large family living in Arkansas19 Kids and Counting
55.8%
Brides in search of the perfect wedding dress head to KleinfeldsSay Yes to the Dress
53.5%
Young girls, ages 5 months and 15 years, compete in beauty pageantsToddlers and Tiaras
47.7%
4 young guys ask the question, 'What do you want to do before you die?'The Buried Life
36%
Jeannie Mai hosts as a fashion victim's friends pick out collections of new clothes for themHow Do I Look?
14%
An uber-talented group of young performers go to a performing arts school in CincinattiTaking the Stage
14%

You're not logged in!

Compare scores with friends on all Sporcle quizzes.
OR
Log In

You Might Also Like...

Show Comments

Extras

Created Mar 10, 2010ReportNominate

Top Quizzes Today


Score Distribution

Your Account Isn't Verified!

In order to create a playlist on Sporcle, you need to verify the email address you used during registration. Go to your Sporcle Settings to finish the process.

Report this User

Report this user for behavior that violates our Community Guidelines.

Details: